000 00717nam a2200193Ii 4500
003 JO-AjNU
008 230605s9999||||xx |||||||||||||| ||und||
040 _aJO-AjNU
_bara
_erda
_cJO-AjNU
041 _aara
050 1 4 _aHC830.A3536.1985
100 3 _aمصطفى، احمد فريد/سهير محمد السيد حسن,
_eauthor
_936957
245 0 0 _aتطور الفكر والوقائع الاقتصادية
264 3 1 _aالاسكندرية:مؤسسة شباب الجامعة،1985
300 _a352
336 _atext
_btxt
_2rdacontent
337 _aunmediated
_bn
_2rdamedia
338 _avolume
_bnc
_2rdacarrier
650 4 _aالاقتصاد-تاريخ-فلسفة-احوال اقتصادية-مصر
_936958
999 _aA15400
_c18968
_d18968